| 000 | 01906nam0a22002651 4500 | ||
|---|---|---|---|
| 001 | rc\4646887 | ||
| 005 | 20260407165137.0 | ||
| 021 |
_aRU _b[61-38524] |
||
| 035 | _a(NLR Aleph) 008688982 | ||
| 090 |
_a9226601 _c9226601 |
||
| 100 | _a20130416d1961 |||y0rusy50 ca | ||
| 101 | 0 | _arus | |
| 102 | _aRU | ||
| 105 | _ay z ||||| | ||
| 200 | 1 |
_aО мерах по увеличению плодовитости маточного поголовья и улучшению организации искусственного осеменения сельскохозяйственных животных _eРезолюция Совещания начальников управлений (инспекций) животноводства, вет. упр. министерств сел. хозяйства республик, специалистов обл. (краев.) упр. сел. хозяйства, гл. вет. врачей и гл. зоотехников районов, гос. станций по плем. делу и искусств. осеменению животных с участием работников науч.-исслед. ин-тов и вузов, состоявшегося в М-ве сел. хозяйства СССР 8-10 февр. 1961 г. |
|
| 210 |
_aКишинев _cИзд-во с.-х. лит. _d1961 |
||
| 215 |
_a16 с. _d22 |
||
| 606 |
_aСельскохозяйственные животные _xИскусственное осеменение _2psbo |
||
| 606 |
_aСельскохозяйственные животные _xПлодовитость _2psbo |
||
| 710 | 1 | 2 |
_aСовещание по племенному делу и искусственному осеменению животных _f1961 _eМосква _3RU\NLR\AUTH\8810104611 _9709534 |
| 801 | 0 |
_aRU _bNLR _gpsbo |
|
| 801 | 1 |
_aRU _bELAR _2rusmarc |
|
| 852 |
_aNLR _j61-6/5520 |
||
| 942 | _cBOOK | ||
| 980 | _aNB | ||